000 00592nam a2200229Ia 4500
003 OSt
005 20221005123540.0
006 a|||||r|||| 00| 0
007 ta
008 221004b |||||||| |||| 00| 0 eng d
024 _a66489
037 _cTextual
040 _aCRL
_cCRL
_beng
041 _2eng
_aeng
082 _aV73:2:N5, J3
100 _aPadover Saul Kussiel
_9633816
245 0 _aLiving US Constitution
260 _c1953
650 _aUNITED STATES - HISTORY
_931585
942 _hV73:2:N5, J3
_cTEXL
_2cc
999 _c1047759
_d1047759